| 000 | 01752nam a22004217a 4500 | ||
|---|---|---|---|
| 003 | CHAP | ||
| 005 | 20220817042918.0 | ||
| 008 | 971013s1975 r 00010 d | ||
| 010 | _a59716 | ||
| 011 | _a60688 | ||
| 035 | _a64850 | ||
| 040 | _cCHAP | ||
| 082 |
_a574.87 _bG3Y |
||
| 100 | 0 | 0 |
_aGarber, E. D. _945644 |
| 245 | _aIntroducción a la citogenética | ||
| 260 |
_aMéxico, D. F. : _bCECSA, _c1975 |
||
| 300 |
_a248 p. _b: ilus. |
||
| 590 |
_aBATCH-UPD _b10 _c20130110 _lUCH01 _h0509 |
||
| 590 |
_aBATCH-UPD _b10 _c20130410 _lUCH01 _h0147 |
||
| 590 |
_aBATCH-UPD _b10 _c20130914 _lUCH01 _h0943 |
||
| 590 |
_aCONVERSION _b10 _c20130109 _lUCH01 _h1332 |
||
| 650 | 1 | 4 |
_aCitología. _923489 |
| 650 | 1 | 4 | _aGenética vegetal. |
| 901 | _aBK | ||
| 942 | _cLIBRO | ||
| 949 |
_a574.87 G3Y _bBC _cLIBRO _d33724000473716 _eLIBRO _fc.2 _h38511 _i64850 _si |
||
| 949 |
_a574.87 G3Y _bBC _cLIBRO _d33724000473724 _eLIBRO _h38510 _i64850 _si |
||
| 949 |
_a574.87 G3Y _bBC _cLIBRO _d33724000473732 _eLIBRO _fc.3 _h48706 _i64850 _si |
||
| 949 |
_a574.87 G3Y _bBC _cLIBRO _d33724000473740 _eLIBRO _fc.7 _h48710 _i64850 _si |
||
| 949 |
_a574.87 G3Y _bBC _cLIBRO _d33724000473757 _eLIBRO _fc.5 _h48708 _i64850 _si |
||
| 949 |
_a574.87 G3Y _bBC _cLIBRO _d33724000473765 _eLIBRO _fc.4 _h48707 _i64850 _si |
||
| 949 |
_a574.87 G3Y _bBC _cLIBRO _d33724000474490 _eLIBRO _fc.6 _h48709 _i64850 _si |
||
| 949 |
_a574.87 G3Y _bBC _cLIBRO _d33724000474508 _eLIBRO _fc.8 _h48711 _i64850 _si |
||
| 949 |
_a574.87 G3Y _bBC _cLIBRO _d33724000474516 _eLIBRO _fc.9 _h48712 _i64850 _si |
||
| 949 |
_a574.87 G3Y _bBC _cLIBRO _d33724000474524 _eLIBRO _fc.12 _h49124 _i64850 _si |
||
| 949 |
_a574.87 G3Y _bBC _cLIBRO _d33724000474532 _eLIBRO _fc.10 _h48713 _i64850 _si |
||
| 949 |
_a574.87 G3Y _bBC _cLIBRO _d33724000474540 _eLIBRO _fc.11 _h48714 _i64850 _si |
||
| 999 |
_c59716 _d59716 |
||